000 00769nam a22002537a 4500
003 UA-OsUOA
001 61152
007 ta
008 20090619b un ||||| |||| 00| 0 ukr d
100 _aСемерак О. С.
700 _aСемерак І. О.
090 _a340(075.8)
_bС30
942 _cBK
040 _aUA-OsUOA
_bukr
_cUA-OsUOA
_dUA-OsUOA
245 _aОснови правознавства
_bНавчальний посібник
300 _a480 с.
955 _a2
041 _aukr
080 _a340(075.8)
020 _a978-966-346-573-9
260 _aК.
_bЗнання
_c2008
650 7 _a340 Право в цілому. Пропедевтика. Методи та допоміжні правничі науки
_2UDC
999 _c347013
_d347013